zpět

Detail výsledku týmu

Bledý Úsvit, Český Těšín

Datum a čas kvízu

34.5 Celkem bodů Celkový počet nahraných bodů na tomto kvízu bez doplňovacích otázek.
3. Pořadí na kvízu Konečné umístění týmu na tomto kvízu.

Zaznamenané odpovědi

# Otázka Odpověď Body Výsledky
1. Žena jednoho bývalého českého... Petr Nečas 1
2. Britský soud v pátek poslal do... C) funkční splachovací záchod 1
3. Minulý týden proběhl v Hradci... 30. ročník, Guns N' Roses 0.5
4. Který známý AI generátor obráz... Midjourney 0
5. Na turnaji Oktagon 72 v pražsk... Patrik Kincl; Machmud Muradov 0.5
6. Toto téma začneme prostě, a to... Gryf 1
7. Termínem Jókai (Yōkai) se ozna... D 1
8. V roce 2009 byl Rodinným autem... Škoda Yeti 0
9. V této otázce bude vaším úkole... 1B 2C 3D 4A 1
10. Na závěr jedno české mytologic... Blaník 0